000 01008nam a22002057a 4500
999 _c2310
_d2310
003 AR-CdUCM
008 190304b ||||| |||| 00| 0 spa d
040 _aMUNICIPALIDAD PROVINCIAL DEL CUSCO
_cBIBLIOTECA MUNICIPAL DEL CUSCO
082 _a348.8 /
_bSA24
100 _aSanguineti Raymond, Wilfredo
_98340
245 _aEl contrato de locación de servicios:
_bfrente al derecho civil y al derecho del trabajo /
260 _aLima :
_bCultural Cuzco editores,
_c1988.
300 _a457 páginas ;
_c21 cm.
505 _aContenido: Evolución de la regulación de la prestación voluntaria de trabajo por cuena ajena -- EL contrato de trabajo y el contrato de obra -- Naturaleza juridica del contrato de locación de servicios, concebido como contrato típico distinto del contrato de trabajo y del contrato de obra.
650 _aLocación de servicios (Derecho del trabajo)
_98341
650 _aLocación de servicios (Derecho civil)
_98342
650 _aPerú
_935
942 _2ddc
_cLIBROS
945 _azta